LEADER 00925nam1 2200349 450 001 990000689890203316 035 $a0068989 035 $aUSA010068989 035 $a(ALEPH)000068989USA01 035 $a0068989 100 $a20011016d--------km-y0itay0103----ba 101 $agre 102 $aDE 105 $a||||||||001yy 200 1 $aSoziologie und Geschichte$fOtto Hintze 210 $aGorringen$cVandenhoeck & Ruprecht 215 $av$d25 cm 410 $12001 461 1$1001-------$12001 606 0 $aFilosofia della storia 676 $a901 700 1$aHINTZE,$bOtto$0143908 801 0$aIT$bsalbc$gISBD 912 $a990000689890203316 951 $aIV A 1381$bLM$cIV A 959 $aBK 969 $aUMA 979 $aPATTY$b90$c20011016$lUSA01$h1646 979 $c20020403$lUSA01$h1718 979 $aPATRY$b90$c20040406$lUSA01$h1647 996 $aSoziologie und Geschichte$9731962 997 $aUNISA LEADER 01431cam0-22004331i-450- 001 990006014080403321 005 20110428093407.0 010 $a88-204-1846-0 035 $a000601408 035 $aFED01000601408 035 $a(Aleph)000601408FED01 035 $a000601408 100 $a20000112d1980----km-y0itay50------ba 101 0 $aita 102 $aIT 105 $ay-------001yy 200 1 $aSalari contrattuali e piattaforme rivendicative dei metalmeccanici$e1948-1979$fCentro ricerche e studi sindacali FIOM Milano$ga cura di Myriam Bergamaschi, Emilio Zanette, Ernesto Martini 210 $aMilano$cFrancoAngeli$d1980 215 $a327 p.$d21 cm 225 1 $aCollana di cultura sindacale$v14 676 $a331.5 676 $a331.8 702 1$aBergamaschi,$bMyriam 702 1$aZanette,$bEmilio 702 1$aMartini,$bErnesto 710 02$aFederazione impiegati operai metallurgici.$bSindacato provinciale di Milano.$bCentro ricerche e studi sindacali$0495264 801 0$aIT$bUNINA$gRICA$2UNIMARC 901 $aBK 912 $a990006014080403321 952 $aXV R 37$b115038$fFGBC 952 $aB-IV-51$b420 dip.$fDDRC 952 $aSE 090.03.05-$b4567$fDECSE 952 $aCOLLEZ. 134 (14)$b16242$fFSPBC 959 $aFGBC 959 $aDDRC 959 $aDECSE 959 $aFSPBC 996 $aSalari contrattuali e piattaforme rivendicative dei metalmeccanici$9579604 997 $aUNINA LEADER 00914nam0-22003011i-450- 001 990007515670403321 005 20051102124336.0 035 $a000751567 035 $aFED01000751567 035 $a(Aleph)000751567FED01 035 $a000751567 100 $a20030814d1950----km-y0itay50------ba 101 0 $aita 102 $aIT 105 $aa-------001yy 200 1 $aPorto Venere, La Spezia e Lerici nel golfo dei poeti$fGastone Imbrighi$gpresent. di Bonaventura Tecchi 210 $aLa Spezia$cEPT$d1950 215 $a75 p.$cin gran parte ill.$d21 cm 610 0 $aLiguria$aCoste 610 0 $aLiguria$aLa Spezia 700 1$aImbrighi,$bGastone$f<1914-1996>$0129463 801 0$aIT$bUNINA$gRICA$2UNIMARC 901 $aBK 912 $a990007515670403321 952 $aE-02-133$bIst.4766$fILFGE 959 $aILFGE 996 $aPorto Venere, La Spezia e Lerici nel golfo dei poeti$9683098 997 $aUNINA